000 00857nmm a2200265 a 4500
001 ocm000701445
003 TR-IsHL
005 20201028125223.0
008 110704s1996 tu tur
007 cr cn
035 _a701445
_b(N$T)
050 0 4 _aHD59
_b.K37 1996
090 0 4 _aHD59
_b.K37 1996
100 1 _aKarakoç, Nihat
245 1 0 _aÜniversitelerde halkla ilişkiler örgütü ve yapı önerisi
_h[electronic resource] /
_cNihat Karakoç
250 _a1. bs.
260 _aBalıkesir :
_bBalıkesir Üniversitesi Yayınları,
_c1996
300 _a210 p.
650 4 _aEğitim
650 4 _aEducation
650 0 _aHalkla ilişkiler
650 0 _aPublic relations
650 7 _aBUSINESS & ECONOMICS / Public Relations
_2bisacsh
856 4 0 _uhttp://search.ebscohost.com/login.aspx?direct=true&scope=site&db=e011xww&AN=701445
999 _c3366
_d3366